书目信息 |
| 题名: |
EVA与创业激励绩效考核
|
|
| 作者: | 张进智 | |
| 分册: | ||
| 出版信息: | 海口 南海出版公司 2004 |
|
| 页数: | 253 | |
| 开本: | 23cm | |
| 丛书名: | ||
| 单 册: | ||
| 中图分类: | F270.3 | |
| 科图分类: | ||
| 主题词: | 企业经济 | |
| 电子资源: | ||
| ISBN: | 7-5442-2859-2 | |
| 000 | 00701nam0 2200193 450 | |
| 001 | 0760515518 | |
| 005 | 20070817164835.51 | |
| 010 | @a7-5442-2859-2@d¥36.80 | |
| 100 | @a20070817d km y0chiy0120 ea | |
| 101 | 0 | @achi |
| 200 | 1 | @aEVA与创业激励绩效考核@AEVA yu chuang ye ji li ji xiao kao he@e经济增加值(EVA)在度量股权激励效果中的作用@f张进智@Fzhang jin zhi |
| 210 | @a海口@c南海出版公司@d2004 | |
| 215 | @a253@d23cm | |
| 517 | 1 | @a经济增加值(EVA)在度量股权激励效果中的作用@Ajing ji zeng jia zhi(EVA)zai du liang gu quan ji li xiao guo zhong de zuo yong |
| 606 | 0 | @a企业经济 |
| 690 | @aF270.3@v3 | |
| 701 | 0 | @a张进智@Azhang jin zhi |
| 801 | 0 | @aCN@bPFT@c20070817 |
| 905 | @a213230@dF270.3@eg60@f1 | |
| EVA与创业激励绩效考核:经济增加值(EVA)在度量股权激励效果中的作用/张进智.-海口:南海出版公司,2004 |
| 253;23cm |
| ISBN 7-5442-2859-2:¥36.80 |
| ● |
| 相关链接 |
|
|
|
|
正题名:EVA与创业激励绩效考核
索取号:F270.3/g60
 
预约/预借
| 序号 | 登录号 | 条形码 | 馆藏地/架位号 | 状态 | 备注 |
| 1 | 6502032 | 265020327 | 密集书库-海洋学院/ [索取号:F270.3/g60] | 在馆 | |
| 2 | 6502033 | 265020336 | 密集书库-海洋学院/ [索取号:F270.3/g60] | 在馆 |